Normal view
MARC view
Entry Corporate Name
001 - CONTROL NUMBER
- control field: 6674
003 - CONTROL NUMBER IDENTIFIER
- control field: ARRUPE
005 - DATE AND TIME OF LATEST TRANSACTION
- control field: 20140116134525.0
008 - FIXED-LENGTH DATA ELEMENTS
- fixed length control field: 140116|| aca||aabn | a|a d
040 ## - CATALOGING SOURCE
- Original cataloging agency: ARRUPE
- Transcribing agency: ARRUPE
110 ## - HEADING--CORPORATE NAME
- Corporate name or jurisdiction name as entry element: Jesuits
- General subdivision: History
- Form subdivision: Sources.
670 ## - SOURCE DATA FOUND
- Source citation: Work cat.: (ARRUPE)0: Donnelly, John Patrick 6673, Jesuit writings of the early modern period, 1540-1640 /, c2006.